L`Atlas Ethnographique Polonais en 1953-1957

Bibliographic Details
Main Author: Gajek, Józef (Author)
Format: Book
Language:French
PhysicalDescription:S. 307-314 24 cm
Published: [S.l. s.n. 1958]
Subjects:

MARC

LEADER 00000nam a2200000 a 4500
001 vtls001356268
003 SK-MaSNL
005 20260301010526.0
008 240314s1958 pl a 0 fre
020 |c 5,00 
035 |a SNK000309740 
040 |a SNK  |b slo  |c SNK  |e AACR2 
044 |a PL 
080 |a 39(438)"1953/1957"  |2 1981 
100 1 |a Gajek, Józef  |4 aut  |9 292471 
245 1 0 |a L`Atlas Ethnographique Polonais en 1953-1957  |c Józef Gajek 
260 |a [S.l.  |b s.n.  |c 1958] 
300 |a S. 307-314  |c 24 cm 
500 |a Odtlačok z: Kwartalnik historii kultury materialnej 1/2 58 
650 0 7 |a národopis poľský  |y 1953-1957  |x odtlačky  |2 SNK  |9 292472 
999 |c 548348  |d 550278 
952 |t P60, <04>, [BOOK], {604}  |a SNK  |b SNK  |y VYP  |7 0  |p 17A0181025  |o snkOIC 6633  |i snkK 539/99  |g 0.17  |0 0  |1 0  |4 0  |d 1999-02-26  |l 0  |r 2005-01-02 00:00:00  |w 2026-02-23